| 000 | 00417nam a2200181Ia 4500 | ||
|---|---|---|---|
| 005 | 20250603145631.0 | ||
| 008 | 250603s9999 xx 000 0 und d | ||
| 020 | _a9781439888544 | ||
| 050 | _aQC 446.2 .D83/ | ||
| 100 | _aDuarte, F. J. | ||
| 245 | 0 | _aQuantum optics for engineers | |
| 260 | _aBoca Raton | ||
| 260 | _b CRC Press | ||
| 260 | _c2024 | ||
| 300 | _a411 p | ||
| 650 | _aBoca Raton | ||
| 942 | _cBK | ||
| 999 |
_c42405 _d42405 |
||